| 000 | 01189cam a2200313 a 4500 | ||
|---|---|---|---|
| 001 | 110541 | ||
| 005 | 20230410120922.0 | ||
| 008 | 100308s2010 ja b i001 0 eng | ||
| 035 | _a16123897 | ||
| 010 | _a2010009493 | ||
| 020 | _a9789280811889 (pbk.) | ||
| 020 | _a9280811886 (pbk.) | ||
| 035 | _a(OCoLC)ocn550554028 | ||
| 040 |
_aDLC _cDLC _dYDX _dYDXCP _dBWX _dCDX _dDLC |
||
| 050 | 1 | 4 |
_aJC 337 _bE57 2010 |
| 082 | 0 | 0 | _a320.01 |
| 245 | 0 | 0 |
_aEngaging civil society : _bemerging trends in democratic governance / _cedited by G. Shabbir Cheema and Vesselin Popovski. |
| 260 |
_aTokyo: _aNew York : _bUnited Nations University Press, _c2010. |
||
| 300 |
_axviii, 304 p. ; _c24 cm. |
||
| 440 | 0 | _aTrends and innovations in governance series | |
| 504 | _aIncludes bibliographical references, notes (278-279) and index. | ||
| 505 | 0 | _aPart. I : Civil society and global governance ---Part.II: Legal empowerment, norms and capacity of civil society --- Part.III: Experiences in Asia --- Part. IV: Experience in Africa. | |
| 650 | 0 | _aCivil society. | |
| 650 | 0 | _aDemocracy. | |
| 700 | 1 | _aCheema, G. Shabbir. | |
| 700 | 1 | _aPopovski, Vesselin. | |
| 942 |
_2lcc _cbk |
||
| 946 | _ags | ||
| 999 |
_c54418 _d54418 |
||